English Grammer and usage (Record no. 3708)

MARC details
000 -LEADER
fixed length control field 00375nam a22001697a 4500
005 - DATE AND TIME OF LATEST TRANSACTION
control field 20160623154855.0
008 - FIXED-LENGTH DATA ELEMENTS--GENERAL INFORMATION
fixed length control field 160623b xxu||||| |||| 00| 0 eng d
020 ## - INTERNATIONAL STANDARD BOOK NUMBER
ISBN 0-19-565809-4
041 ## - LANGUAGE CODE
Language code of text/sound track or separate title eng
082 ## - DEWEY DECIMAL CLASSIFICATION NUMBER
Item number 9632
100 ## - MAIN ENTRY--AUTHOR NAME
Personal name Sinha, R.P.
245 ## - TITLE STATEMENT
Title English Grammer and usage
260 ## - PUBLICATION, DISTRIBUTION, ETC. (IMPRINT)
Name of publisher Oxford
300 ## - PHYSICAL DESCRIPTION
Number of Pages 466
650 ## - SUBJECT ADDED ENTRY--TOPICAL TERM
Topical Term Management
942 ## - ADDED ENTRY ELEMENTS (KOHA)
Koha item type Books
Holdings
Lost status Damaged status Collection code Home library Current library Shelving location Date acquired Cost, normal purchase price Full call number Accession Number Koha item type
    LIFE SKILL JRU Library JRU Library SHELF-102-E 23/06/2016 115.00 9632 9632 Books
    LIFE SKILL JRU Library JRU Library SHELF-102-E 23/06/2016 115.00 9632 9633 Books